| 000 | 00479nam a2200157Ia 4500 | ||
|---|---|---|---|
| 008 | 170221s9999 xx 000 0 und d | ||
| 100 | _aParikh, Jinal. | ||
| 245 | _aContent Analysis of Print Advertisements of Sports Utility Vehicles (Suvs) In India | ||
| 245 | _cJinal Parikh. | ||
| 260 | _bOnline Journal of Communication and Media Technologies | ||
| 260 | _c2015 | ||
| 300 | _a19 : | ||
| 650 | _xCommunication | ||
| 650 | _xMedia Arts | ||
| 856 | _uhttp://www.ojcmt.net/ | ||
| 999 |
_c308679 _d308679 |
||